Library Logo

Pioneer International University Library Catalogue

FLOWERS IN THE ATTIC (Record no. 6366)

MARC details
000 -LEADER
fixed length control field 00327nam a22001097a 4500
005 - DATE AND TIME OF LATEST TRANSACTION
control field 20250901165606.0
008 - FIXED-LENGTH DATA ELEMENTS--GENERAL INFORMATION
fixed length control field 240115b |||||||| |||| 00| 0 eng d
050 ## - LIBRARY OF CONGRESS CALL NUMBER
Classification number PS3551 .N454 .F47 2009
245 ## - TITLE STATEMENT
Title FLOWERS IN THE ATTIC
Statement of responsibility, etc. Andrews, V.C
260 ## - PUBLICATION, DISTRIBUTION, ETC.
Place of publication, distribution, etc. New York
Name of publisher, distributor, etc. Pockets
942 ## - ADDED ENTRY ELEMENTS (KOHA)
Source of classification or shelving scheme Library of Congress Classification
Classification part PS3551 .N454 .F47 2009
Holdings
Withdrawn status Lost status Source of classification or shelving scheme Damaged status Not for loan Home library Current library Shelving location Date acquired Total checkouts Full call number Barcode Date last seen Date last checked out Price effective from Koha item type
    Library of Congress Classification     Main Library Main Library   01/15/2024 1 PS3551 .N454 .F47 2009 PIU0003415 02/18/2025 02/03/2025 01/15/2024 Books